000 00858nas a2200277 4500
001 BR2015004137
003 BR-BrBNA
005 20231205125537.0
007 ta
008 230509b bl.|||p| |||| 00| 00por d
040 _aBR-BrBNA
_bpor
_cBiblioteca Nacional de Agricultura
041 _a(Pt)
072 _aQ02; Q04
100 1 _aRodrigues, F.C.
100 1 _aCastro, A.S.B.
100 1 _aMartino, H.S.D.
100 1 _aFerreira, C.L. de L.F.
245 1 _aFarinha de yacon (Smallanthus sonchifolius): produção e caracterização química
650 _aFARINHA
650 _aYACON
650 _aPROCESSAMENTO
650 _aCOMPOSIÇÃO QUÍMICA
773 0 _tRevista do Instituto Adolfo Lutz (Brazil)
_xISSN 0073-9855
_g(Jul-Sep 2011), v. 70(3) p. 290-295
_wBR2015004137
909 _a202311
_bLúcia
_c55
_dLúcia Elande
942 _2AGRIS
_n0
_cANA
999 _c244855
_d244855